| 000 | 01012nam a2200265 i 4500 | ||
|---|---|---|---|
| 003 | EG-ScBUE | ||
| 005 | 20240204145529.0 | ||
| 008 | 110912s1936 ua f 000 0 ara eng d | ||
| 040 |
_aEG-ScBUE _bara _erda _cEG-ScBUE _dEG-ScBUE |
||
| 043 | _af-ua--- | ||
| 082 | 0 | 4 |
_222 _a962.054 _bع ق ا |
| 100 | 1 |
_98278 _aعقاد، عباس محمود، _d1889-1964، _eمؤلف. |
|
| 245 | 1 | 0 |
_aسعد زغلول: _bسيرة وتحية / _cعباس محمود العقاد |
| 264 | 1 |
_aالقاهرة : _bمطبعة حجازي، _c1936. |
|
| 300 |
_a628 صفحة ؛ _c24 سم |
||
| 336 |
_2rdacontent _aنص _btxt |
||
| 337 |
_aبدون وسيط _2rdamedia _bn |
||
| 338 |
_aمجلد _bnc _2rdacarrier |
||
| 600 | 1 | 7 |
_2BUEsh _aزغلول، سعد، _d1857-1927. |
| 650 | 7 |
_2BUEsh _aالسياسيون المصريون _vتراجم. |
|
| 651 | 7 |
_927118 _aمصر _xتاريخ-العصر الحديث _yالعصر الحديث _yثورة 1919 م. _2BUEsh |
|
| 653 | _cSeptember2011 | ||
| 655 | _vReading book | ||
| 942 |
_2ddc _cBB |
||
| 999 |
_c15996 _d15996 |
||